| 000 | 00503nam a2200181Ia 4500 | ||
|---|---|---|---|
| 001 | 3017 | ||
| 005 | 20260306144849.0 | ||
| 008 | 260306t2005||||xx |||||||||||||| ||spa|| | ||
| 041 | _aESP | ||
| 082 |
_a241.6 _bR15 |
||
| 100 |
_aRáez, Luis _eAUT |
||
| 245 | 0 |
_aAvances científicos y nuevos problemas éticos : _bla dignidad del ser humano desde el inicio hasta el fin de su vida |
|
| 260 | _c2005 | ||
| 300 |
_a100 páginas : _c21 cm. |
||
| 650 | _aGEN | ||
| 654 | _aCHU | ||
| 942 |
_cLIB _dJUS _fJUS _2ddc _n |
||
| 999 |
_c3017 _d3017 |
||